000
00299nam a22001337a 4500
008
181102b xxu||||| |||| 00| 0 eng d
020
_a
0064635619
041
_a
eng
080
_a
159.9
100
_a
49
101
_a
PSI
245
_a
Ideas of the Great Psychologists
_c
Smith,S
942
_2
udc
_c
BK
999
_c
51688
_d
51688